LEADER 01117nam a2200253 a 4500 001 000000119526 003 CaOOAMICUS 005 20100126112709.0 008 100126t2010 it afh u000 u ita r 040 $aPUL$bita$dReb 245 00$aGalilei e la scienza moderna /$ca cura di Enrico Bellone. 260 $aTorino :$bUTET,$c©2010. 300 $a102 p., [14] p. di tav. :$bill. ;$c25 cm. 490 1 $aStrenna 500 $aIl presente saggio su Galileo è estratto dalla grande opera in 10 volumi "La Cultura Italiana" (rif. p. 3). 504 $aBibliografia p. 102. 600 14$aGalilei, Galileo,$d1564-1642$xAttività scientifica.$0(OLS)http://pul/subject/4283 700 1 $aBellone, Enrico,$d1938-$0(OLS)http://pul/name/68 830 0$aStrenna UTET.$0(OLS)http://pul/title/3071 850 $aPUL 852 $aPUL$W1$xSL Cons. Gen., Altre Classi 3$y75$m509. 2 GALGA 1$j137124$qDDC 21$q $B136191$CPULBib$Z2$F136191 $H112479 $81 941 1 $a9 996 $6245$aGalilei e la scienza moderna$9(OLS)http://pul/title/150397 996 $6260$aTorino :$bUTET$9(OLS)http://pul/publisher/48088 LEADER 01724namaa2200397 i 4500 001 000000178347 003 CaOOAMICUS 005 20260109104723.0 008 260109s2024 xxk 000 u eng r 020 $a978-0-567-13919-1 * 032 $aLibriCat 040 $aPUL$bita 041 1 $aeng$ahebgre 082 00$a227 100 1 $aTuckett, Christopher,$d1948-,$ecommentatore di testo scritto.$0(OLS)http://pul/name/75597 245 12$aA critical and exegetical commentary on Galatians /$cby Christopher M. Tuckett . 246 04$aGalatians 260 $aLondon :$bT & T Clark ,$c2024. 300 $alii, 772 pagine ;$c23 cm 336 $atesto$btxt$2rdacontent 337 $asenza mediazione$bn$2rdamedia 338 $avolume$bnc$2rdacarrier 490 1 $aInternational critical commentary on the Holy Scriptures of the Old and New Testaments 500 $aTesto in inglese, passi in greco. 504 $aBibliografia: pagine [xv]-lii. 630 04$aBiblia.$pN.T.$pAd Galatas$xCommenti.$0(OLS)http://pul/subject/6279 830 0$aInternational critical commentary on the Holy Scriptures of the Old and New Testaments.$0(OLS)http://pul/title/41926 850 $aPUL 852 $aPUL$W1$xSL Religione 1$y3$m5 L 67$j202203$qStampati$B207451$CPULBib$Z2$F207451 $H138371 $82 941 1 $a8 996 $6020$a978-0-567-13919-1 *$9(OLS)http://pul/number/170769 996 $6082$a227$9(OLS)http://pul/classification/522 996 $6245$aA critical and exegetical commentary on Galatians$9(OLS)http://pul/title/219919 996 $6246$aGalatians$9(OLS)http://pul/title/219920 996 $6260$aLondon :$bT & T Clark $9(OLS)http://pul/publisher/87412